Development of eccentric driven transmission system for garden tractor (Record no. 15058)
[ view plain ]
| 000 -LEADER | |
|---|---|
| fixed length control field | 00779nam a22001817a 4500 |
| 003 - CONTROL NUMBER IDENTIFIER | |
| control field | OSt |
| 088 ## - REPORT NUMBER | |
| Report number | P 74 |
| 100 ## - MAIN ENTRY--AUTHOR NAME | |
| Personal name | ANVUR V. A |
| -- | JAYAPRADEEP S |
| -- | SATHEESAN M. M |
| 245 ## - TITLE STATEMENT | |
| Title | Development of eccentric driven transmission system for garden tractor |
| 260 ## - PUBLICATION, DISTRIBUTION, ETC. (IMPRINT) | |
| Place of publication | Tavanur 1998 |
| Name of publisher | Department of Farm Power Machinery and Energy |
| 300 ## - PHYSICAL DESCRIPTION | |
| Number of Pages | 55 |
| 500 ## - GENERAL NOTE | |
| General note | Development of eccentric driven transmission system for garden tractor |
| 520 ## - SUMMARY, ETC. | |
| Summary, etc | low cost garden tractor.single phase v-belt drive, an eccentric assembly, a connecting link, an oscillating line and an intermediate shaft. backward motion. |
| 700 ## - ADDED ENTRY--PERSONAL NAME | |
| Personal name | Prof. C. P Muhammad (Guide) |
| 856 ## - ELECTRONIC LOCATION AND ACCESS | |
| Uniform Resource Identifier | https://drive.google.com/open?id=1oMvzwOvYGru4ORIr7E2-kuqQzLUfMnjn |
| 942 ## - ADDED ENTRY ELEMENTS (KOHA) | |
| Koha item type | Project Report |
| Collection code | Home library | Current library | Shelving location | Full call number | Accession Number | Koha item type |
|---|---|---|---|---|---|---|
| Reference | KAUAET | KAUAET | Reference | 631.3 ANV\DE | P 74 | Project Report |
